| 000 | 00900nam a22001937a 4500 | ||
|---|---|---|---|
| 999 |
_c69438 _d69438 |
||
| 005 | 20260127130837.0 | ||
| 008 | s2556 th ||||| |||| 00| 0 tha d | ||
| 020 | _a9786167708072 | ||
| 040 | _aNALT | ||
| 050 |
_aPE 1131 _bฐ122ฟ 2556 |
||
| 100 | 0 |
_aฐนิสา ชุมพล, _cม.ล. _943843 |
|
| 245 | 1 | 0 |
_aฟัง พูด อ่าน เขียน อังกฤษ = _bStep by step English / _cม.ล. ฐนิสา ชุมพล. |
| 260 | 3 |
_aกรุงเทพฯ : _bพราว, _c2556 |
|
| 300 |
_a497 หน้า : _bภาพประกอบ ; _c19 ซม. + CD 1 แผ่น |
||
| 650 | 4 |
_aภาษาอังกฤษ _9467 _xบทสนทนาและวลี |
|
| 850 | _aNALT | ||
| 942 |
_cGB _2lcc _03 |
||
| 998 |
_j909 _k นางสาวสุพัณดา สุภาพ |
||